| 000 | 00403nam a2200133Ia 4500 | ||
|---|---|---|---|
| 005 | 20260326100029.0 | ||
| 008 | 260326s9999||||xx |||||||||||||| ||und|| | ||
| 100 | _aVillanueva, Carlos Raúl | ||
| 245 | 0 |
_aCaracas entre tiempos : _b Iconografía retrospectiva de una Ciudad / _cCarlos Raúl Villanueva |
|
| 260 | _bComisión de Asuntos Culturales | ||
| 300 | _a208 p. | ||
| 650 | _aURBANISMO | ||
| 942 | _cBK | ||
| 999 |
_c6538 _d6538 |
||